000 01023nam0a22002771 4500
001 RU\INGAK2\INFOCOMM_322\NLR\5000130709
005 20250625202505.0
035 _a(NLR Aleph) 011029152
090 _a11101948
_c11101948
100 _a20130109d1938 |||y0rusy50 ca
101 1 _aeng
_crus
102 _aRU
105 _ay z||||
200 1 _a1917
_eSelected writings and speeches
210 _aM.
_cForeign languages publishing house
_d1938
215 _aXVI, 712 с., 2 л. портр.
_cпортр.
_d20 см
300 _aЗагл. оригинала: Избранные произведения 1917 года
482 0 _12001#$aИзбранные произведения 1917 года
_tИзбранные произведения 1917 года
620 _aМосква
700 1 _aLenin
_bV. I.
_f1870-1924
_gVladimir Il'ič
701 1 _aStalin
_bI. V.
_f1879-1953
_gIosif Vissarionovič
801 1 _aRU
_bInfoComm
_c20130109
801 0 _aRU
_bNLR
_gPSBO
852 _aNLR
_jЛ 102-11/9-1
942 _cBOOK
980 _aNB